| 000 | 01102cam a2200277 i 4500 | ||
|---|---|---|---|
| 003 | SA-RiAUC | ||
| 005 | 20250723062528.0 | ||
| 008 | 250713s2000 su g 000 0cara c | ||
| 020 | _a9960369307 | ||
| 040 |
_aSA-RiAUC _bara _cSA-RiAUC _erda |
||
| 043 | _aa-su--- | ||
| 082 | 0 | 4 | _a920.0531 |
| 090 |
_a920.0531 _b ع ق ي |
||
| 100 | 1 |
_aالعقيلي، خالد بن زيد بن سعود _eمؤلف. |
|
| 245 | 1 | 0 |
_aعلماء وقضاة الحلوة / _cخالد بن زيد بن سعود المانع العقيلي. |
| 250 | _aالطبعة الأولى. | ||
| 264 | 1 |
_aالخرج، السعودية : _bخالد بن زيد بن سعود المانع العقيلي، _c2000 |
|
| 300 |
_a126 صفحة ؛ _c24 سم |
||
| 336 |
_aنص _btxt _2rdacontent _3كتاب |
||
| 337 |
_aبدون وسيط _bn _2rdamedia |
||
| 338 |
_aمجلد _bnc _2rdacarrier |
||
| 500 | _aالتحقيق في علماء الحلوة وحوطة بني تميم ونعام والحريق. | ||
| 651 | 7 |
_aالسعودية _vتراجم _2aucsh |
|
| 942 |
_2ddc _cBOOK _n0 |
||
| 949 |
_aSA-JeALM _d250713 _umohamedma123 _n1 |
||
| 999 |
_c10212 _d10212 |
||